| 000 | 01312nam a2200313 a 4500 | ||
|---|---|---|---|
| 999 |
_c471444 _d471444 |
||
| 003 | BLK | ||
| 005 | 20250707105213.0 | ||
| 008 | 180411b bul|||||r ||||||| ||bul|| | ||
| 010 | _aKNG00199454000 | ||
| 020 | _a9786192432232 | ||
| 040 | _aBLK | ||
| 041 |
_aBUL _cBUL |
||
| 072 | 7 |
_2bullib _aН85 _xДетска художествена литература Н |
|
| 080 |
_aБелгийска литература _b821.133.1(493) _x-93 _z821.133.1(493)-93 |
||
| 100 |
_91299 _aДюбизи, Люсил _eпърви автор |
||
| 139 |
_aДюбизи, Люсил _bД 97 |
||
| 245 | 1 | 0 |
_aЗащо чудовищата се плашат от деца _cЛюсил Дюбизи; Ил. Грегъри Мабир; Прев. от англ. Анета Пантелеева |
| 257 | _aBGR | ||
| 260 |
_bПрозорец _c2022 _9209461 _aСофия _n978-954-733- ; 954-8079- |
||
| 300 |
_a24 с. _bс цв. ил. _c28 см |
||
| 380 | _aDX | ||
| 500 | _aОриг. загл. Nous, on n'aime pas les enfants! / Lucille Dubisy | ||
| 700 |
_aМабир, Грегъри _eхудож. _9402537 |
||
| 700 |
_aПантелеева, Анета Димитрова _eпрев. от англ. _91021 |
||
| 856 | 4 | _qpdf | |
| 856 | 4 | _qpdf | |
| 942 |
_cKNG _n0 _089 _s1 |
||
| 944 |
_k30564 _lАнна Гръцманова |
||